Archeticture : ecstasies of space, time, and the human body /

Bibliographic Details
Main Author: Krell, David Farrell
Format: Book
Language:English
Published: Albany, NY : State University of New York Press, [1997]
Subjects:

MARC

Tag First Indicator Second Indicator Subfields
LEADER 00000cam a2200000 a 4500
001 in00001402823
005 20151020053044.0
008 970715s1997 nyua b s001 0 eng
010 |a  97030057  
020 |a 0791434095 (hc : alk. paper) 
020 |a 0791434109 (pbk. : alk. paper) 
035 |a (OCoLC)37353877 
035 |9 AHM6849AM 
040 |a DLC  |c DLC  |d GZM  |d TXA  |d UtOrBLW 
049 |a TXAM 
050 0 0 |a NA2500  |b .K72 1997 
082 0 0 |a 720/.1  |2 21 
100 1 |a Krell, David Farrell. 
245 1 0 |a Archeticture :  |b ecstasies of space, time, and the human body /  |c David Farrell Krell. 
264 1 |a Albany, NY :  |b State University of New York Press,  |c [1997] 
264 4 |c ©1997 
300 |a xv, 224 pages :  |b illustrations ;  |c 24 cm. 
336 |a text  |b txt  |2 rdacontent 
337 |a unmediated  |b n  |2 rdamedia 
338 |a volume  |b nc  |2 rdacarrier 
504 |a Includes bibliographical references (pages 189-203) and index. 
650 0 |a Architecture  |x Philosophy. 
999 |a MARS 
999 f f |s 688e356f-9d0b-3eac-87b5-24fbaa4f4d89  |i 76dc3b7d-6ad0-32f5-a89e-f2edeb60827d  |t 0 
952 f f |p ric  |a Texas A&M University  |b Rellis Campus  |c Joint Library Facility  |d Remote Storage  |t 0  |e NA2500 .K72 1997  |h Library of Congress classification  |i unmediated -- volume  |m A14822044394 
998 f f |a NA2500 .K72 1997  |t 0  |l Remote Storage